Textbook of environmental studies: (Record no. 170885)

MARC details
000 -LEADER
fixed length control field 00662nam a22002177a 4500
005 - DATE AND TIME OF LATEST TRANSACTION
control field 20191227173344.0
008 - FIXED-LENGTH DATA ELEMENTS--GENERAL INFORMATION
fixed length control field 191227b ||||| |||| 00| 0 eng d
010 ## - LCCN (DPL NO)
LC control number B-167196
020 ## - INTERNATIONAL STANDARD BOOK NUMBER
International Standard Book Number 8173715408
Terms of availability 115.00
035 ## - SYSTEM CONTROL NUMBER
System control number B-167196
040 ## - CATALOGING SOURCE
Original cataloging agency dpl
Language of cataloging en
050 ## - LIBRARY OF CONGRESS CALL NUMBER
DPL Classification number dpl
082 ## - DEWEY DECIMAL CLASSIFICATION NUMBER
Classification number 375.0083
100 ## - MAIN ENTRY--PERSONAL NAME
Personal name Bharucha, Erach
245 ## - TITLE STATEMENT
Title Textbook of environmental studies:
Remainder of title for undergraduate courses/
Statement of responsibility, etc by Erach Bharucha
260 ## - PUBLICATION, DISTRIBUTION, ETC. (IMPRINT)
Place of publication, distribution, etc Hyderabad
Name of publisher, distributor, etc Universities Press
Date of publication, distribution, etc 2005
270 ## - ADDRESS
Address 3-5-819, Hyderguda,
City Hyderabad
Postal code 500029
300 ## - PHYSICAL DESCRIPTION
Extent 276p
Dimensions 26cm(pbk)
942 ## - ADDED ENTRY ELEMENTS (KOHA)
Source of classification or shelving scheme Dewey Decimal Classification
Item type English Books
Classification part 375.0083
Call number suffix BHA
Holdings
Withdrawn status Lost status Source of classification or shelving scheme Damaged status Not for loan Collection code Home library Current library Date acquired Source of acquisition Cost, normal purchase price Total Checkouts Total Renewals Full call number Barcode Date last seen Copy number Cost, replacement price Koha item type
    Dewey Decimal Classification     Non-fiction R.K.Puram-8 R.K.Puram-8 27/12/2019 BPPD/Purchase 115.00 4 6 375.0083 BHA B-167196 19/02/2021 1 115.00 English Books

© Delhi Public Library
Hit Counter
free hit counter